[Minecraft] - All Light Emitting Blocks - Statistics

General Stats
  • This quiz has been taken 38 times
  • The average score is 25 of 44
Answer Stats
Group Hint Light Level Answer % Correct
A 15 Glowstone
96%
Other This will probably be your first answer (: 14 Torch
96%
F Only when lit 15 Redstone Lamp
92%
E 15 Lantern
85%
D Not an actual block 15 Lava
85%
F Only when lit 7 Redstone Torch
81%
A 10 Soul Torch
77%
D Only when lit 15 Campfire
73%
D Not an actual block 15 Fire
73%
E 15 Sea Lantern
73%
B Not an actual block 15 End Portal
69%
A 10 Soul Lantern
69%
Other Creative only 0-15 Lights [JE] / Light Block [BE]
65%
A Only when lit 10 Soul Campfire
65%
C Only when lit 13 Furnace
62%
C Only when lit 13 Blast Furnace
58%
B 14 End Rod
58%
A 3 Magma Block
58%
A Not an actual block 11 Nether Portal
58%
A 15 Shroomlight
58%
F Only when lit 9 (Deepslate) Redstone Ore
54%
Other 14 Glowberry
54%
E 15 Jack o'Lantern
54%
G 6/9/12/15 Sea Pickles (1-4, waterlogged)
54%
C Only when lit 13 Smoker
54%
A Not an actual block 10 Soul Fire
54%
Other 15 Froglight (any color)
50%
Other 7 Glow Lichen
50%
C 1 Brewing Stand
46%
G Only when lit 3/6/9/12 Candles (1-4)
46%
B 1 Dragon Egg
46%
Other 15 Beacon
42%
A 10 Crying Obsidian
42%
C 7 Enchanting Table
42%
B Not an actual block 15 End Gateway
42%
B Can't be obtained in Survival 1 End Portal Frame
42%
G 3/7/11/15 Respawn anchor (25%, 50%, 75%, 100% charged)
42%
Other 1 Brown Mushroom
38%
B 7 Ender Chest
38%
Other 1 Sculk Sensor
31%
D 15 Lava Cauldron
27%
Other 6 Sculk Catalyst
27%
Other 15 Conduit
23%
G 1/2/4/5 Small, Medium, Large Amethyst Buds, Amethyst Cluster
23%
No matching quizzes found
Score Distribution
Percent of People with Each Score
Percentile by Number Answered
Your Score History
You have not taken this quiz